Cẩm nang sở hữu trí tuệ : Chính sách, pháp luật và áp dụng /
Tallennettuna:
| Yhteisötekijä: | |
|---|---|
| Aineistotyyppi: | Sách giấy |
| Kieli: | Vietnamese |
| Julkaistu: |
H. :
Văn hoá Thông tin,
2005.
|
| Aiheet: | |
| Tagit: |
Lisää tagi
Ei tageja, Lisää ensimmäinen tagi!
|
| Thư viện lưu trữ: | Thư viện Trường Đại học Đà Lạt |
|---|
| LEADER | 00713nam a2200289 4500 | ||
|---|---|---|---|
| 001 | DLU080064201 | ||
| 005 | ##20081218 | ||
| 040 | # | # | |a DLU |b vie |
| 041 | # | # | |a vie |
| 044 | # | # | |a vn |
| 082 | # | # | |a 346.048 |b WIP |
| 110 | # | # | |a WIPO |
| 245 | # | # | |a Cẩm nang sở hữu trí tuệ : |b Chính sách, pháp luật và áp dụng / |c WIPO. |
| 260 | # | # | |a H. : |b Văn hoá Thông tin, |c 2005. |
| 300 | # | # | |a 460 tr. ; |c 30 cm. |
| 653 | # | # | |a Sở hữu trí tuệ |
| 653 | # | # | |a Tài liệu tham khảo |
| 923 | # | # | |a 15/2008 |
| 992 | # | # | |a 25000 |
| 994 | # | # | |a DLU |
| 900 | # | # | |a True |
| 911 | # | # | |a Đào Thị Thu Huyền |
| 925 | # | # | |a G |
| 926 | # | # | |a A |
| 927 | # | # | |a SH |
| 980 | # | # | |a Thư viện Trường Đại học Đà Lạt |